<?xml version="1.0" encoding="UTF-8"?>
<record
    xmlns:xsi="http://www.w3.org/2001/XMLSchema-instance"
    xsi:schemaLocation="http://www.loc.gov/MARC21/slim http://www.loc.gov/standards/marcxml/schema/MARC21slim.xsd"
    xmlns="http://www.loc.gov/MARC21/slim">

  <leader>03225nam a2200457 i 4500</leader>
  <controlfield tag="001">194898</controlfield>
  <controlfield tag="003">ES-GrU</controlfield>
  <controlfield tag="005">20250528063017.0</controlfield>
  <controlfield tag="007">ta</controlfield>
  <controlfield tag="008">240321s2022    sp d    rb    001 0 spa d</controlfield>
  <datafield tag="017" ind1=" " ind2=" ">
    <subfield code="a">BI 01443-2022</subfield>
    <subfield code="b">Oficina Dep&#xF3;sito Legal Bilbao</subfield>
  </datafield>
  <datafield tag="020" ind1=" " ind2=" ">
    <subfield code="a">9788492937929</subfield>
  </datafield>
  <datafield tag="035" ind1=" " ind2=" ">
    <subfield code="a">(OCoLC)1430649665</subfield>
  </datafield>
  <datafield tag="040" ind1=" " ind2=" ">
    <subfield code="a">BUS</subfield>
    <subfield code="d">UGR</subfield>
    <subfield code="e">rda</subfield>
    <subfield code="b">spa</subfield>
    <subfield code="c">ES-MaACL</subfield>
  </datafield>
  <datafield tag="080" ind1=" " ind2=" ">
    <subfield code="a">64(460)</subfield>
  </datafield>
  <datafield tag="080" ind1=" " ind2=" ">
    <subfield code="a">330.567.2(460)"20"</subfield>
  </datafield>
  <datafield tag="080" ind1=" " ind2=" ">
    <subfield code="a">64.03/.06(460)"20"</subfield>
  </datafield>
  <datafield tag="100" ind1=" " ind2=" ">
    <subfield code="a">Benages Candau, Eva</subfield>
    <subfield code="9">145894</subfield>
    <subfield code="e">aut</subfield>
  </datafield>
  <datafield tag="245" ind1="1" ind2="3">
    <subfield code="a">El equipamiento de los hogares y las dotaciones de capital de las familias en el siglo XXI /</subfield>
    <subfield code="c">Eva Benages Candau, Laura Hern&#xE1;ndez Lahiguera, Juan Carlos Robledo Dom&#xED;nguez ; dirigido por Francisco P&#xE9;rez Garc&#xED;a, Ezequiel Uriel Jim&#xE9;nez</subfield>
  </datafield>
  <datafield tag="250" ind1=" " ind2=" ">
    <subfield code="a">Primera edici&#xF3;n, octubre 2022</subfield>
  </datafield>
  <datafield tag="264" ind1=" " ind2="1">
    <subfield code="a">Madrid :</subfield>
    <subfield code="b">Fundaci&#xF3;n BBVA,</subfield>
    <subfield code="c">2022</subfield>
  </datafield>
  <datafield tag="264" ind1=" " ind2="4">
    <subfield code="c"> &#xA9;2022</subfield>
  </datafield>
  <datafield tag="300" ind1=" " ind2=" ">
    <subfield code="a">290 p&#xE1;ginas :</subfield>
    <subfield code="b">gr&#xE1;ficos (blanco y negro) ;</subfield>
    <subfield code="c">24 cm</subfield>
  </datafield>
  <datafield tag="336" ind1=" " ind2=" ">
    <subfield code="a">texto</subfield>
    <subfield code="b">txt</subfield>
    <subfield code="2">rdacontent</subfield>
  </datafield>
  <datafield tag="337" ind1=" " ind2=" ">
    <subfield code="a">sin mediaci&#xF3;n</subfield>
    <subfield code="b">n</subfield>
    <subfield code="2">rdamedia</subfield>
  </datafield>
  <datafield tag="338" ind1=" " ind2=" ">
    <subfield code="a">volumen</subfield>
    <subfield code="b">nc</subfield>
    <subfield code="2">rdacarrier</subfield>
  </datafield>
  <datafield tag="504" ind1=" " ind2=" ">
    <subfield code="a">p. 269-274</subfield>
  </datafield>
  <datafield tag="520" ind1=" " ind2=" ">
    <subfield code="a">El crecimiento econ&#xF3;mico de las &#xFA;ltimas d&#xE9;cadas ha permitido aumentar la renta de los hogares espa&#xF1;oles y mejorar su bienestar. Un reflejo de esas mejoras ha sido el aumento del consumo privado en bienes duraderos. Esta monograf&#xED;a aborda el an&#xE1;lisis de los flujos de gasto en equipamiento de los hogares desde una perspectiva distinta a la habitual, pues los considera bienes de inversi&#xF3;n. Este enfoque permite cuantificar los correspondientes stocks de capital en equipamiento acumulados por los hogares, as&#xED; como los cambios en su composici&#xF3;n a lo largo del tiempo.La obra analiza la evoluci&#xF3;n a largo plazo de las dotaciones de bienes duraderos de los hogares espa&#xF1;oles, tanto en t&#xE9;rminos f&#xED;sicos como monetarios. A partir de los flujos de gasto de los hogares proporcionados por la Contabilidad Nacional y la Encuesta de Presupuestos Familiares (INE), se cuantifica el capital dom&#xE9;stico, que valora el equipamiento acumulado a lo largo del tiempo por los hogares. Asimismo, se presta atenci&#xF3;n a los cambios en la composici&#xF3;n de ese equipamiento dom&#xE9;stico a lo largo del tiempo, diferenciando entre distintos tipos de activos: muebles y enseres, electrodom&#xE9;sticos, veh&#xED;culos y equipamiento digital. Se estudia la evoluci&#xF3;n de la edad media de los activos y su distribuci&#xF3;n regional.</subfield>
  </datafield>
  <datafield tag="650" ind1=" " ind2="0">
    <subfield code="a">Econom&#xED;a dom&#xE9;stica- </subfield>
    <subfield code="z">Espa&#xF1;a</subfield>
    <subfield code="2">EMBUS</subfield>
    <subfield code="9">236519</subfield>
  </datafield>
  <datafield tag="650" ind1=" " ind2="0">
    <subfield code="a">Econom&#xED;a dom&#xE9;stica- </subfield>
    <subfield code="x">Contabilidad</subfield>
    <subfield code="2">EMBUS</subfield>
    <subfield code="9">236520</subfield>
  </datafield>
  <datafield tag="700" ind1=" " ind2=" ">
    <subfield code="a">Hern&#xE1;ndez Lahiguera, Laura</subfield>
    <subfield code="9">159584</subfield>
    <subfield code="e">aut</subfield>
  </datafield>
  <datafield tag="700" ind1="1" ind2=" ">
    <subfield code="a">Robledo Dom&#xED;nguez, Juan Carlos</subfield>
    <subfield code="9">152138</subfield>
    <subfield code="e">aut</subfield>
  </datafield>
  <datafield tag="700" ind1="1" ind2=" ">
    <subfield code="a">P&#xE9;rez, Francisco,</subfield>
    <subfield code="d">1950-</subfield>
    <subfield code="9">234242</subfield>
    <subfield code="e">aut</subfield>
  </datafield>
  <datafield tag="852" ind1=" " ind2=" ">
    <subfield code="a">ES-MaACL</subfield>
    <subfield code="c">DEPOJ</subfield>
    <subfield code="j">N-9915</subfield>
    <subfield code="x">Encuadernaci&#xF3;n r&#xFA;stica con solapas</subfield>
    <subfield code="h">Donaci&#xF3;n: Editorial</subfield>
    <subfield code="9">205835</subfield>
  </datafield>
  <datafield tag="856" ind1="4" ind2="2">
    <subfield code="u">https://www.fbbva.es/bd/inversion-y-dotaciones-de-capital-en-bienes-duraderos-de-los-hogares/</subfield>
    <subfield code="y">Versi&#xF3;n digital</subfield>
  </datafield>
  <datafield tag="942" ind1=" " ind2=" ">
    <subfield code="c">MONOGRAFIA</subfield>
    <subfield code="n">0</subfield>
  </datafield>
  <datafield tag="999" ind1=" " ind2=" ">
    <subfield code="c">194898</subfield>
    <subfield code="d">194898</subfield>
  </datafield>
  <datafield tag="952" ind1=" " ind2=" ">
    <subfield code="0">0</subfield>
    <subfield code="1">0</subfield>
    <subfield code="2">udc</subfield>
    <subfield code="4">0</subfield>
    <subfield code="7">0</subfield>
    <subfield code="a">ATENEOM</subfield>
    <subfield code="b">ATENEOM</subfield>
    <subfield code="c">DEPOJ</subfield>
    <subfield code="d">2025-05-26</subfield>
    <subfield code="e">DONACION</subfield>
    <subfield code="l">0</subfield>
    <subfield code="o">N-9915</subfield>
    <subfield code="p">101230174</subfield>
    <subfield code="r">2025-05-26 00:00:00</subfield>
    <subfield code="w">2025-05-26</subfield>
    <subfield code="y">MONOGRAFIA</subfield>
  </datafield>
</record>
